Thiết kế và thi công móng cọc
Nội dung sách gồm: các loại cọc và móng cọc; tính toán cọc; thiết kế cọc; thi công và thí nghiệm cọc.
Uloženo v:
| Hlavní autor: | |
|---|---|
| Médium: | Kniha |
| Jazyk: | Undetermined |
| Vydáno: |
Hà Nội
Xây dựng
2017
|
| Témata: | |
| Tagy: |
Přidat tag
Žádné tagy, Buďte první, kdo otaguje tento záznam!
|
| Thư viện lưu trữ: | Trung tâm Học liệu Trường Đại học Cần Thơ |
|---|
| LEADER | 00704nam a2200205Ia 4500 | ||
|---|---|---|---|
| 001 | CTU_227319 | ||
| 008 | 210402s9999 xx 000 0 und d | ||
| 020 | |c 94000 | ||
| 082 | |a 624.154 | ||
| 082 | |b U527 | ||
| 100 | |a Nguyễn, Uyên | ||
| 245 | 0 | |a Thiết kế và thi công móng cọc | |
| 245 | 0 | |c Nguyễn Uyên | |
| 260 | |a Hà Nội | ||
| 260 | |b Xây dựng | ||
| 260 | |c 2017 | ||
| 520 | |a Nội dung sách gồm: các loại cọc và móng cọc; tính toán cọc; thiết kế cọc; thi công và thí nghiệm cọc. | ||
| 650 | |a Pile,Foundations,Móng,Cọc | ||
| 904 | |i Tuyến | ||
| 980 | |a Trung tâm Học liệu Trường Đại học Cần Thơ | ||